[Event "Cappelle Online Blitz op"]
[Site "Europe Echecs INT"]
[Date "2021.03.07"]
[Round "3"]
[White "Carvallo, Henri"]
[Black "Delfosse, Jean Michel"]
[Result "1-0"]
[WhiteElo "2078"]
[BlackElo "1727"]
[PlyCount "33"]
[EventDate "2021.03.07"]
[EventType "swiss (blitz)"]
[EventRounds "11"]
[EventCountry "FRA"]
[SourceTitle "CBM 201 Extra"]
[Source "ChessBase"]
[SourceDate "2021.05.31"]
[SourceVersion "1"]
[SourceVersionDate "2021.05.31"]
[SourceQuality "1"]

1. d4 Nf6 2. Nf3 g6 3. Bf4 d5 4. e3 Bg7 5. Be2 0-0 6. 0-0 c5 7. c3 cxd4 8. exd4 Nc6 9. Nbd2 Bg4 10. h3 Bxf3 11. Nxf3 e6 12. Re1 Nd7 13. Qb3 b6 14. Ba6 Ncb8 15. Bb7 Na6 16. Bxa6 Rb8 17. Bxb8 1-0

[Event "C'Chartres Blitz op"]
[Site "Europe Echecs INT"]
[Date "2020.11.28"]
[Round "11"]
[White "Boyer, Mahel"]
[Black "Carvallo, Henri"]
[Result "1-0"]
[WhiteElo "2307"]
[BlackElo "2078"]
[PlyCount "75"]
[EventDate "2020.11.28"]
[EventType "swiss (blitz)"]
[EventRounds "11"]
[EventCountry "FRA"]
[SourceTitle "CBM 199 Extra"]
[Source "ChessBase"]
[SourceDate "2021.01.31"]
[SourceVersion "1"]
[SourceVersionDate "2021.01.31"]
[SourceQuality "1"]

1. d4 d6 2. e4 Nf6 3. f3 Nbd7 4. Nc3 e5 5. Be3 Be7 6. Nge2 c6 7. Qd2 b5 8. Ng3 Nb6 9. 0-0-0 Qc7 10. Qf2 0-0 11. h4 Be6 12. h5 b4 13. Nb1 c5 14. d5 Bd7 15. h6 g6 16. Ba6 c4 17. Qe2 c3 18. b3 Bc8 19. a4 Rb8 20. Bxc8 Rfxc8 21. Qa6 Nfd7 22. Qa5 Nc5 23. Ne2 Ncxa4 24. bxa4 b3 25. Nbxc3 b2+ 26. Kb1 Qb7 27. Bxb6 axb6 28. Qb5 Rc5 29. Qb3 Rbc8 30. Rd3 b5 31. axb5 Bd8 32. Kxb2 Ba5 33. Ra1 Qb6 34. Kb1 Rc4 35. Ra4 R8c5 36. Rxc4 Rxb5 37. Nxb5 Qf2 38. Rc8+ 1-0

[Event "C'Chartres Blitz op"]
[Site "Europe Echecs INT"]
[Date "2020.11.28"]
[Round "5"]
[White "Peschard, Olivier"]
[Black "Carvallo, Henri"]
[Result "0-1"]
[WhiteElo "1822"]
[BlackElo "2078"]
[PlyCount "86"]
[EventDate "2020.11.28"]
[EventType "swiss (blitz)"]
[EventRounds "11"]
[EventCountry "FRA"]
[SourceTitle "CBM 199 Extra"]
[Source "ChessBase"]
[SourceDate "2021.01.31"]
[SourceVersion "1"]
[SourceVersionDate "2021.01.31"]
[SourceQuality "1"]

1. f4 d6 2. b3 d5 3. e3 Nf6 4. Bb2 Bf5 5. Nf3 e6 6. Be2 Be7 7. 0-0 h6 8. Qe1 Nbd7 9. d3 c6 10. Ne5 Nxe5 11. fxe5 Nd7 12. Qg3 Bg6 13. Nd2 Qc7 14. c4 a5 15. Rac1 Qb6 16. d4 a4 17. c5 Qd8 18. Nf3 axb3 19. axb3 Ra2 20. Bc3 Rxe2 21. b4 0-0 22. h3 Rxe3 23. Bd2 Re4 24. Rce1 Rxe1 25. Rxe1 b6 26. Rf1 bxc5 27. bxc5 Kh7 28. Be3 Qa5 29. Kh2 Rb8 30. Nh4 Rb3 31. Nxg6 fxg6 32. Qf4 Bg5 33. Qf7 Rxe3 34. Qxd7 h5 35. Qxe6 Qd2 36. Rf8 Bh4 37. Qg8+ Kh6 38. Qh8+ Kg5 39. Rf1 Re2 40. Qd8+ Kh6 41. Qxh4 Rxg2+ 42. Kh1 Rh2+ 43. Kg1 Qg2# 0-1

[Event "C'Chartres Blitz op"]
[Site "Europe Echecs INT"]
[Date "2020.11.28"]
[Round "7"]
[White "Razafindratsima, Timothe"]
[Black "Carvallo, Henri"]
[Result "1-0"]
[WhiteElo "2341"]
[BlackElo "2078"]
[PlyCount "63"]
[EventDate "2020.11.28"]
[EventType "swiss (blitz)"]
[EventRounds "11"]
[EventCountry "FRA"]
[SourceTitle "CBM 199 Extra"]
[Source "ChessBase"]
[SourceDate "2021.01.31"]
[SourceVersion "1"]
[SourceVersionDate "2021.01.31"]
[SourceQuality "1"]

1. e4 d6 2. d4 Nf6 3. Nc3 Nbd7 4. Nf3 e5 5. Bc4 Be7 6. 0-0 0-0 7. a4 c6 8. h3 b6 9. Qe2 a6 10. Rd1 Qc7 11. Bg5 Bb7 12. Bb3 b5 13. dxe5 dxe5 14. Nh4 g6 15. Qf3 b4 16. Ne2 c5 17. Rxd7 Nxd7 18. Bxe7 c4 19. Bxf8 Nxf8 20. Ba2 Ne6 21. Qe3 Kg7 22. Nf3 a5 23. Rd1 f6 24. Bxc4 Nc5 25. Ng3 Nxa4 26. Bb5 Nc5 27. Nh4 Rf8 28. Qd2 Rf7 29. Nhf5+ gxf5 30. Nxf5+ Kh8 31. Qd8+ Qxd8 32. Rxd8+ 1-0

[Event "FRA-ch Blitz Online Qual"]
[Site "Europe Echecs INT"]
[Date "2020.05.16"]
[Round "8"]
[White "Carvallo, Henri"]
[Black "Leccia, Antoine"]
[Result "0-1"]
[WhiteElo "2069"]
[BlackElo "1950"]
[PlyCount "118"]
[EventDate "2020.05.16"]
[EventType "swiss (blitz)"]
[EventRounds "15"]
[EventCountry "FRA"]
[SourceTitle "CBM 196 Extra"]
[Source "ChessBase"]
[SourceDate "2020.07.31"]
[SourceVersion "1"]
[SourceVersionDate "2020.07.31"]
[SourceQuality "1"]

1. d4 e6 2. Bf4 d5 3. e3 Nf6 4. Nf3 c5 5. c3 Bd6 6. Bg3 Qc7 7. dxc5 Qxc5 8. Bd3 Nbd7 9. Nbd2 0-0 10. 0-0 e5 11. e4 dxe4 12. Nxe4 Nxe4 13. Bxe4 Nf6 14. Bc2 Bg4 15. Re1 Rfe8 16. h3 Bh5 17. Qc1 Rad8 18. Ng5 h6 19. Ne4 Nxe4 20. Bxe4 Qc8 21. Qc2 Bc5 22. Kh2 Kh8 23. f3 Qe6 24. Bxb7 Bg6 25. Be4 f5 26. Bd3 Qf6 27. Bb5 Re6 28. f4 exf4 29. Bxf4 Re4 30. Rf1 Bd6 31. Bxd6 Qxd6+ 32. Kh1 Qe5 33. Bd3 Rf4 34. Rae1 Rxf1+ 35. Rxf1 Rf8 36. Qe2 Qa5 37. Bb1 Kh7 38. Qf3 Qb6 39. Qg3 Qxb2 40. h4 Qe2 41. Kh2 Qxf1 42. Bc2 Qe2 43. Bb3 Qe4 44. Qd6 Rf7 45. Bxf7 Bxf7 46. Qc7 Bd5 47. Qg3 f4 48. Qg4 Be6 49. Qd1 Bxa2 50. h5 Bd5 51. Qd2 Qxg2+ 52. Qxg2 Bxg2 53. Kxg2 a5 54. Kf3 a4 55. c4 a3 56. c5 a2 57. c6 a1Q 58. c7 Qc3+ 59. Kxf4 Qxc7+ 0-1

[Event "FRA-ch Blitz Online Qual"]
[Site "Europe Echecs INT"]
[Date "2020.05.16"]
[Round "4"]
[White "Carvallo, Henri"]
[Black "Moracchini, Margaux"]
[Result "1-0"]
[WhiteElo "2069"]
[BlackElo "1933"]
[PlyCount "83"]
[EventDate "2020.05.16"]
[EventType "swiss (blitz)"]
[EventRounds "15"]
[EventCountry "FRA"]
[SourceTitle "CBM 196 Extra"]
[Source "ChessBase"]
[SourceDate "2020.07.31"]
[SourceVersion "1"]
[SourceVersionDate "2020.07.31"]
[SourceQuality "1"]

1. d4 Nf6 2. Bf4 Nh5 3. Bg5 h6 4. Bh4 g6 5. e3 Bg7 6. Nf3 d6 7. Be2 0-0 8. c4 Nd7 9. Nc3 e5 10. 0-0 Nhf6 11. Rc1 c6 12. b4 Qc7 13. Bg3 Re8 14. c5 dxc5 15. bxc5 Nh5 16. Bh4 exd4 17. exd4 Nf4 18. Bc4 Nf6 19. Bg3 g5 20. Re1 Bf5 21. Qb3 N6h5 22. d5 Nxg3 23. d6 Qd7 24. hxg3 Ne6 25. Na4 Bg4 26. Ne5 Bxe5 27. Rxe5 Nd4 28. Qe3 Nf5 29. Qe1 Rxe5 30. Qxe5 Re8 31. Qb2 Ng7 32. Nc3 b6 33. cxb6 axb6 34. Qxb6 Qxd6 35. Qb3 Be6 36. a4 Nf5 37. Ne4 Qe5 38. Re1 Nd4 39. Qd3 Bxc4 40. Qxc4 Kg7 41. f3 Nf5 42. Rd1 1-0

[Event "FRA-ch Blitz Online Qual"]
[Site "Europe Echecs INT"]
[Date "2020.05.16"]
[Round "14"]
[White "Carvallo, Henri"]
[Black "Rasolo, Loic"]
[Result "1-0"]
[WhiteElo "2069"]
[BlackElo "1951"]
[PlyCount "83"]
[EventDate "2020.05.16"]
[EventType "swiss (blitz)"]
[EventRounds "15"]
[EventCountry "FRA"]
[SourceTitle "CBM 196 Extra"]
[Source "ChessBase"]
[SourceDate "2020.07.31"]
[SourceVersion "1"]
[SourceVersionDate "2020.07.31"]
[SourceQuality "1"]

1. d4 Nf6 2. Bf4 c5 3. e3 Qb6 4. Nc3 Qxb2 5. Nb5 Nd5 6. a3 a6 7. Rb1 Qa2 8. Qc1 axb5 9. Ra1 Qxa1 10. Qxa1 e5 11. Bxe5 c4 12. Bxb8 Rxa3 13. Qc1 Bb4+ 14. Ke2 0-0 15. Kf3 b6 16. Bf4 Bb7 17. Kg3 Nxf4 18. Kxf4 Bd6+ 19. Kg4 f5+ 20. Kh3 g5 21. f3 Rf6 22. g3 g4+ 23. Kg2 gxf3+ 24. Nxf3 Be4 25. Be2 Ra2 26. Bd1 b4 27. Rf1 b3 28. Kg1 Ba3 29. Qb1 Bxc2 30. Bxc2 Rxc2 31. Ne5 b5 32. Nxd7 Re6 33. Ne5 Rh6 34. h4 Ra6 35. Qd1 Bd6 36. Qh5 Bxe5 37. Qe8+ Kg7 38. Qxe5+ Kf7 39. Rxf5+ Kg6 40. Rg5+ Kf7 41. Rg7+ Kf8 42. Qe7# 1-0

[Event "FRA-ch Blitz Online Qual"]
[Site "Europe Echecs INT"]
[Date "2020.05.16"]
[Round "9"]
[White "De Monts, Louis"]
[Black "Carvallo, Henri"]
[Result "0-1"]
[WhiteElo "1630"]
[BlackElo "2069"]
[PlyCount "90"]
[EventDate "2020.05.16"]
[EventType "swiss (blitz)"]
[EventRounds "15"]
[EventCountry "FRA"]
[SourceTitle "CBM 196 Extra"]
[Source "ChessBase"]
[SourceDate "2020.07.31"]
[SourceVersion "1"]
[SourceVersionDate "2020.07.31"]
[SourceQuality "1"]

1. e4 d6 2. d4 Nf6 3. Nc3 e5 4. dxe5 dxe5 5. Qxd8+ Kxd8 6. Nf3 Bd6 7. Bg5 Nbd7 8. 0-0-0 Ke8 9. Nb5 Ke7 10. Nh4 g6 11. Nxd6 cxd6 12. Bb5 h6 13. Bxf6+ Nxf6 14. f4 Be6 15. f5 gxf5 16. Nxf5+ Bxf5 17. exf5 Rhg8 18. g3 d5 19. Rhe1 Kd6 20. Kb1 Rg5 21. Rf1 Ng4 22. Rd2 Ne3 23. Rff2 Rxf5 24. Rxf5 Nxf5 25. c4 d4 26. b4 Ne3 27. c5+ Ke7 28. Rf2 f6 29. Kc1 a6 30. Bd3 Rc8 31. Kb2 a5 32. a3 axb4 33. axb4 Ra8 34. h4 Nd5 35. Kb3 Ne3 36. Rf3 Ke6 37. Bc4+ Ke7 38. Bd3 Rc8 39. Bc4 b6 40. Ba6 Rb8 41. cxb6 Rxb6 42. Bc4 Rc6 43. Bb5 Rc3+ 44. Kb2 Nd1+ 45. Kb1 Rxf3 0-1

[Event "FRA-ch Blitz Online Qual"]
[Site "Europe Echecs INT"]
[Date "2020.05.16"]
[Round "7"]
[White "Gerandi, Guillaume"]
[Black "Carvallo, Henri"]
[Result "1-0"]
[WhiteElo "1876"]
[BlackElo "2069"]
[PlyCount "81"]
[EventDate "2020.05.16"]
[EventType "swiss (blitz)"]
[EventRounds "15"]
[EventCountry "FRA"]
[SourceTitle "CBM 196 Extra"]
[Source "ChessBase"]
[SourceDate "2020.07.31"]
[SourceVersion "1"]
[SourceVersionDate "2020.07.31"]
[SourceQuality "1"]

1. e4 d6 2. d4 Nf6 3. Nc3 e5 4. Nf3 Nbd7 5. Bc4 Be7 6. 0-0 0-0 7. h3 a6 8. a4 b6 9. Be3 c6 10. dxe5 dxe5 11. Qe2 Qc7 12. Nh2 Nc5 13. Bd3 a5 14. f4 Bd6 15. f5 Ba6 16. Bg5 Be7 17. Bxf6 Bxf6 18. Ng4 Qe7 19. Rad1 Nxd3 20. cxd3 Rad8 21. Qe3 Rb8 22. Kh1 Bg5 23. Qg3 f6 24. h4 Bf4 25. Qh3 Rbd8 26. g3 Bh6 27. Nxh6+ gxh6 28. g4 Kh8 29. Rg1 Rg8 30. Qe3 h5 31. g5 Bb7 32. g6 c5 33. Qh6 Qg7 34. Qxh5 c4 35. dxc4 h6 36. Nd5 Rc8 37. b3 Bxd5 38. Rxd5 Rcd8 39. Rgd1 Rxd5 40. cxd5 Rc8 41. d6 1-0

[Event "FRA-ch Blitz Online Qual"]
[Site "Europe Echecs INT"]
[Date "2020.05.16"]
[Round "1"]
[White "Stajkovski, Stephan"]
[Black "Carvallo, Henri"]
[Result "0-1"]
[WhiteElo "1428"]
[BlackElo "2069"]
[PlyCount "134"]
[EventDate "2020.05.16"]
[EventType "swiss (blitz)"]
[EventRounds "15"]
[EventCountry "FRA"]
[SourceTitle "CBM 196 Extra"]
[Source "ChessBase"]
[SourceDate "2020.07.31"]
[SourceVersion "1"]
[SourceVersionDate "2020.07.31"]
[SourceQuality "1"]

1. d4 d6 2. Nf3 Nf6 3. Bf4 Nbd7 4. e3 g6 5. c4 Bg7 6. h3 0-0 7. Nc3 c6 8. Be2 Re8 9. 0-0 e5 10. Bh2 Qe7 11. Re1 Nh5 12. Qc2 f5 13. Rad1 h6 14. d5 c5 15. Nd2 Nhf6 16. Bd3 e4 17. Bf1 a6 18. a4 Ne5 19. Nb3 Bd7 20. Bxe5 Qxe5 21. a5 g5 22. Nd2 g4 23. hxg4 Nxg4 24. g3 h5 25. Ne2 Bh6 26. Nf4 Bxf4 27. exf4 Qf6 28. Be2 Kf7 29. Nf1 Rh8 30. Ne3 Rag8 31. Kg2 Nxe3+ 32. fxe3 h4 33. g4 h3+ 34. Kh2 fxg4 35. Rg1 Bf5 36. Rg3 Rg7 37. Rdg1 Rhg8 38. Qb3 Qe7 39. Qd1 Qd7 40. Qc2 Rb8 41. Qd1 b5 42. axb6 Rxb6 43. Bxg4 Rxb2+ 44. Kh1 Bxg4 45. Rxg4 Rxg4 46. Qxg4 Qxg4 47. Rxg4 Re2 48. Rg3 h2 49. Rh3 Kg6 50. Rg3+ Kf6 51. Rh3 a5 52. Rh6+ Ke7 53. Rh7+ Kf6 54. Rd7 Rxe3 55. Rxd6+ Kf5 56. Ra6 Kxf4 57. Kxh2 Rd3 58. Rxa5 e3 59. Ra1 e2 60. Re1 Kf3 61. d6 Rxd6 62. Rc1 Rd1 63. Rc3+ Kf2 64. Rc2 Kf1 65. Rc3 e1Q 66. Rf3+ Ke2 67. Rf6 Qh4+ 0-1

[Event "FRA-ch Blitz Online Qual"]
[Site "Europe Echecs INT"]
[Date "2020.05.16"]
[Round "13"]
[White "Stephan, Victor"]
[Black "Carvallo, Henri"]
[Result "1-0"]
[WhiteElo "2439"]
[BlackElo "2069"]
[PlyCount "111"]
[EventDate "2020.05.16"]
[EventType "swiss (blitz)"]
[EventRounds "15"]
[EventCountry "FRA"]
[SourceTitle "CBM 196 Extra"]
[Source "ChessBase"]
[SourceDate "2020.07.31"]
[SourceVersion "1"]
[SourceVersionDate "2020.07.31"]
[SourceQuality "1"]

1. d4 d6 2. e4 Nf6 3. Nc3 e5 4. Nge2 Nbd7 5. h3 h5 6. g3 Be7 7. Bg2 c6 8. 0-0 b5 9. a3 Bb7 10. Be3 Qc7 11. f4 a6 12. Qd2 0-0 13. Rad1 Rad8 14. d5 c5 15. Bf3 Bc8 16. g4 hxg4 17. hxg4 Nh7 18. g5 exf4 19. Bxf4 Ne5 20. Bg2 Bg4 21. Rde1 Ng6 22. Be3 Qd7 23. Ng3 Ne5 24. b3 g6 25. Nd1 Rde8 26. Nf2 Qd8 27. Nxg4 Nxg4 28. Bf4 Bxg5 29. Bh3 Ne5 30. Kg2 Kg7 31. Rh1 Qe7 32. Ref1 f6 33. Be6 Rh8 34. Qf2 Bxf4 35. Qxf4 Ng5 36. Rh4 Rxh4 37. Qxh4 Rh8 38. Qf4 Nxe6 39. dxe6 Qxe6 40. Kf2 Rh2+ 41. Kg1 Rh6 42. Rf2 Ng4 43. Rd2 Ne5 44. Rg2 Qh3 45. Nf5+ Kh7 46. Nxh6 Qxh6 47. Rh2 Qxh2+ 48. Kxh2 Kg7 49. Kg3 g5 50. Qd2 Nf7 51. Qd5 Kg6 52. Qb7 f5 53. exf5+ Kf6 54. Qxa6 Kxf5 55. Qxb5 Ne5 56. a4 1-0

[Event "FRA-ch Blitz Online Qual"]
[Site "Europe Echecs INT"]
[Date "2020.05.16"]
[Round "11"]
[White "Tomasi, Elise"]
[Black "Carvallo, Henri"]
[Result "0-1"]
[WhiteElo "2030"]
[BlackElo "2069"]
[PlyCount "128"]
[EventDate "2020.05.16"]
[EventType "swiss (blitz)"]
[EventRounds "15"]
[EventCountry "FRA"]
[SourceTitle "CBM 196 Extra"]
[Source "ChessBase"]
[SourceDate "2020.07.31"]
[SourceVersion "1"]
[SourceVersionDate "2020.07.31"]
[SourceQuality "1"]

1. d4 d6 2. Nf3 Nf6 3. g3 Nbd7 4. Bg2 e5 5. dxe5 dxe5 6. 0-0 c6 7. c4 Be7 8. Nc3 0-0 9. b3 Qc7 10. Bb2 Re8 11. a3 a5 12. Rc1 Bf8 13. Qc2 Nc5 14. Nd2 Bg4 15. Nde4 Nfxe4 16. Nxe4 Bh5 17. Nxc5 Bxc5 18. e3 Bg6 19. Qc3 Rad8 20. Rfd1 f6 21. b4 axb4 22. axb4 Bf8 23. Qb3 Bf7 24. Qa4 Rxd1+ 25. Qxd1 Bxb4 26. Qb3 Bc5 27. Ba3 Bxa3 28. Qxa3 Rd8 29. Qb4 h6 30. Rb1 Rd7 31. Be4 Be6 32. Ra1 Qd8 33. Bf3 f5 34. Kg2 e4 35. Bh5 Bf7 36. Be2 Kh7 37. Ra7 Qc7 38. c5 Bd5 39. Ba6 f4 40. gxf4 Qd8 41. Rxb7 Rxb7 42. Qxb7 Qf6 43. Be2 Qg6+ 44. Kh1 Qf5 45. Kg2 Qf6 46. Qc7 Qb2 47. Qe5 Qxe2 48. Qf5+ Kh8 49. Qc8+ Bg8 50. Qxc6 Qf3+ 51. Kf1 Bc4+ 52. Kg1 Qg4+ 53. Kh1 Be2 54. Qe8+ Kh7 55. Qxe4+ Kg8 56. Qe8+ Kh7 57. Qe4+ Qg6 58. f5 Qf6 59. c6 Bb5 60. c7 Bc6 61. c8Q Bxe4+ 62. Kg1 Bxf5 63. Qc4 Qg6+ 64. Kh1 Be4+ 0-1

[Event "Europe Echecs online op March"]
[Site "Europe Echecs INT"]
[Date "2020.03.28"]
[Round "9"]
[White "Carvallo, Henri"]
[Black "Domenech, Vianney"]
[Result "1-0"]
[WhiteElo "2106"]
[BlackElo "2236"]
[PlyCount "53"]
[EventDate "2020.03.28"]
[EventType "swiss (blitz)"]
[EventRounds "9"]
[EventCountry "FRA"]
[SourceTitle "EXT 2021"]
[Source "ChessBase"]
[SourceDate "2020.10.23"]
[SourceVersion "1"]
[SourceVersionDate "2020.10.23"]
[SourceQuality "1"]

1. d4 Nc6 2. Bf4 d6 3. e3 Nf6 4. Nf3 Bg4 5. Be2 Nh5 6. Bg3 Nxg3 7. hxg3 g6 8. c3 Bg7 9. Nbd2 0-0 10. 0-0 a5 11. a3 a4 12. Bb5 e5 13. Qc2 exd4 14. cxd4 Na5 15. Bxa4 c6 16. b4 b5 17. bxa5 bxa4 18. Qxa4 Bd7 19. a6 c5 20. Qc4 Be6 21. Qd3 Bc8 22. Rfc1 Bxa6 23. Qe4 cxd4 24. Nxd4 d5 25. Qf4 Qd7 26. N2f3 Rfe8 27. Rc7 1-0

[Event "Bruges Masters"]
[Site "Bruges"]
[Date "2019.08.12"]
[Round "3"]
[White "Mirzoev, Azer"]
[Black "Carvallo, Henri"]
[Result "1-0"]
[WhiteElo "2481"]
[BlackElo "2106"]
[PlyCount "112"]
[EventDate "2019.08.11"]
[EventType "swiss"]
[EventRounds "9"]
[EventCountry "BEL"]
[SourceTitle "CBM 191 Extra"]
[Source "ChessBase"]
[SourceDate "2019.09.30"]
[SourceVersion "1"]
[SourceVersionDate "2019.09.30"]
[SourceQuality "1"]

1. d4 d6 2. e4 Nf6 3. Nc3 e5 4. Nge2 Nbd7 5. f3 Be7 6. Be3 c6 7. Ng3 h5 8. Qd2 g6 9. 0-0-0 h4 10. Nge2 Nb6 11. b3 Qc7 12. Kb1 Be6 13. Nc1 exd4 14. Bxd4 0-0-0 15. a4 Kb8 16. Qf2 g5 17. Be2 Rhg8 18. Rd2 Nfd7 19. Re1 Bf6 20. Bxf6 Nxf6 21. f4 gxf4 22. Qxf4 Ng4 23. Nd3 Qe7 24. a5 Nd7 25. a6 Nge5 26. axb7 Nxd3 27. Bxd3 Kxb7 28. Bf1 Ne5 29. Kb2 Ka8 30. Ra1 Rb8 31. Qf2 Rb7 32. Ra3 Rgb8 33. Ka2 Rb6 34. Rd4 Rb4 35. Rxd6 Qb7 36. Ba6 Qc7 37. Qc5 Nd7 38. Qxc6+ Qxc6 39. Rxc6 R8b6 40. Rc7 Nb8 41. Bc4 Rb7 42. Nd5 Rxc7 43. Nxc7+ Kb7 44. Nxe6 fxe6 45. Bxe6 Rd4 46. Bd5+ Kb6 47. Ra4 Rd2 48. Rb4+ Kc7 49. Kb2 Nd7 50. Rb7+ Kd6 51. Rxa7 Nc5 52. b4 Nd7 53. Kb3 h3 54. gxh3 Rxh2 55. c4 Rxh3+ 56. Ka4 Rh7 1-0

[Event "Montigny le Bretonneux Noel op 17th"]
[Site "Montigny le Bretonneux"]
[Date "2016.12.27"]
[Round "1"]
[White "Benahmed, Faycal"]
[Black "Carvallo, Henri"]
[Result "0-1"]
[WhiteElo "1525"]
[BlackElo "2127"]
[PlyCount "32"]
[EventDate "2016.12.26"]
[EventType "swiss"]
[EventRounds "7"]
[EventCountry "FRA"]
[SourceTitle "CBM 176 Extra"]
[Source "ChessBase"]
[SourceDate "2017.03.02"]
[SourceVersion "1"]
[SourceVersionDate "2017.03.02"]
[SourceQuality "1"]

1. d4 d6 2. Nf3 Bg4 3. Nbd2 Nf6 4. g3 Nbd7 5. Bg2 c6 6. b3 e6 7. e4 d5 8. exd5 cxd5 9. a3 Be7 10. Nf1 0-0 11. Ne3 Bh5 12. h3 Rc8 13. c4 Ne4 14. Bb2 Qa5+ 15. b4 Bxb4+ 16. axb4 Qxb4+ 0-1

[Event "Montigny le Bretonneux Noel op 17th"]
[Site "Montigny le Bretonneux"]
[Date "2016.12.27"]
[Round "2"]
[White "Carvallo, Henri"]
[Black "Plantet, Marc"]
[Result "1-0"]
[WhiteElo "2127"]
[BlackElo "1745"]
[PlyCount "69"]
[EventDate "2016.12.26"]
[EventType "swiss"]
[EventRounds "7"]
[EventCountry "FRA"]
[SourceTitle "CBM 176 Extra"]
[Source "ChessBase"]
[SourceDate "2017.03.02"]
[SourceVersion "1"]
[SourceVersionDate "2017.03.02"]
[SourceQuality "1"]

1. d4 d5 2. Bf4 Nc6 3. e3 e6 4. Nf3 Bd6 5. Bg3 Nf6 6. Nbd2 0-0 7. c4 Re8 8. Ne5 Bxe5 9. dxe5 Nd7 10. Nf3 f6 11. cxd5 Ncxe5 12. dxe6 Nxf3+ 13. Qxf3 Nc5 14. Rd1 Qe7 15. Bb5 c6 16. Bd6 Qxe6 17. Bxc5 cxb5 18. 0-0 Qc4 19. Bd4 Qc6 20. Qg3 Bf5 21. Rc1 Qe6 22. Rc7 Re7 23. Rfc1 Rd8 24. h3 Rdd7 25. Rc8+ Re8 26. Rxe8+ Qxe8 27. Bxf6 Bg6 28. Bd4 Qe6 29. Rc8+ Kf7 30. Qb8 Qxa2 31. Qf4+ Ke7 32. Qg5+ Kf7 33. Qe5 Qb1+ 34. Kh2 Qf5 35. Qe8# 1-0

[Event "Paris BNP-Paribas blitz"]
[Site "Paris"]
[Date "2015.06.13"]
[Round "10"]
[White "Carvallo, Henri"]
[Black "Sauviat, Thomas"]
[Result "1/2-1/2"]
[WhiteElo "2138"]
[BlackElo "1938"]
[PlyCount "73"]
[EventDate "2015.06.12"]
[EventType "swiss (blitz)"]
[EventRounds "15"]
[EventCountry "FRA"]
[SourceTitle "CBM 167 Extra"]
[Source "ChessBase"]
[SourceDate "2015.09.14"]
[SourceVersion "1"]
[SourceVersionDate "2015.09.14"]
[SourceQuality "1"]

1. d4 d5 2. Bf4 Nf6 3. e3 e6 4. Nf3 Bd6 5. Bg3 0-0 6. Bd3 Qe7 7. Nbd2 c5 8. c3 Nc6 9. Ne5 Bxe5 10. dxe5 Nd7 11. f4 f6 12. exf6 Nxf6 13. 0-0 e5 14. e4 dxe4 15. Nxe4 exf4 16. Nxf6+ Rxf6 17. Bxf4 Rf8 18. Bc4+ Kh8 19. Qh5 Bf5 20. Rae1 Qd7 21. Rd1 Qe7 22. Rfe1 Qf6 23. Rd6 Bg6 24. Rxf6 Bxh5 25. Rxf8+ Rxf8 26. Bd6 Re8 27. Rxe8+ Bxe8 28. Bxc5 b6 29. Be3 Ne5 30. Be2 Bf7 31. a3 Nc4 32. Bxc4 Bxc4 33. Bd4 Kg8 34. b4 g6 35. Kf2 Kf7 36. Ke3 Ke6 37. Kf4 1/2-1/2

[Event "Paris BNP-Paribas blitz"]
[Site "Paris"]
[Date "2015.06.13"]
[Round "8"]
[White "Daurelle, Herve"]
[Black "Carvallo, Henri"]
[Result "1-0"]
[WhiteElo "2139"]
[BlackElo "2138"]
[PlyCount "99"]
[EventDate "2015.06.12"]
[EventType "swiss (blitz)"]
[EventRounds "15"]
[EventCountry "FRA"]
[SourceTitle "CBM 167 Extra"]
[Source "ChessBase"]
[SourceDate "2015.09.14"]
[SourceVersion "1"]
[SourceVersionDate "2015.09.14"]
[SourceQuality "1"]

1. e4 d6 2. d4 Nf6 3. Nc3 e5 4. dxe5 dxe5 5. Qxd8+ Kxd8 6. Bc4 Ke8 7. Nf3 Bd6 8. 0-0 Nbd7 9. Re1 a6 10. a4 b6 11. Bg5 Bb7 12. Rad1 h6 13. Bh4 Kf8 14. Nd5 Nxd5 15. exd5 f6 16. Bg3 g6 17. Nh4 Kg7 18. Bd3 f5 19. Nxf5+ gxf5 20. Bxf5 Nf6 21. Bxe5 Bxe5 22. Rxe5 Rhe8 23. Rxe8 Rxe8 24. Be6 Bxd5 25. Bxd5 Nxd5 26. f3 Nf6 27. a5 Re6 28. axb6 cxb6 29. Kf2 Kf7 30. g4 Ke7 31. h4 Nd7 32. g5 hxg5 33. hxg5 Nc5 34. b4 Nb7 35. Kg3 a5 36. bxa5 bxa5 37. f4 Nd6 38. Kg4 Re2 39. Ra1 Nc4 40. f5 Rxc2 41. f6+ Kf7 42. Re1 Kg6 43. Re7 Rg2+ 44. Kf4 Rf2+ 45. Kg3 Rd2 46. Rg7+ Kf5 47. f7 Rd3+ 48. Kf2 Rd2+ 49. Ke1 Rd8 50. Rg8 1-0

[Event "Corsica Masters op 16th"]
[Site "Bastia"]
[Date "2012.10.27"]
[Round "7"]
[White "Carvallo, Henri"]
[Black "Djuric, Stefan"]
[Result "0-1"]
[WhiteElo "2167"]
[BlackElo "2445"]
[PlyCount "82"]
[EventDate "2012.10.27"]
[EventType "swiss (rapid)"]
[EventRounds "9"]
[EventCountry "FRA"]
[SourceTitle "EXT 2013"]
[Source "ChessBase"]
[SourceDate "2012.11.22"]
[SourceVersion "1"]
[SourceVersionDate "2012.11.22"]
[SourceQuality "1"]

1. d4 Nf6 2. Bf4 c5 3. e3 Qb6 4. Na3 d6 5. d5 g6 6. Nc4 Qc7 7. a4 Bg7 8. Ne2 Nh5 9. Bg5 h6 10. Bh4 0-0 11. Nc3 f5 12. Be2 Nf6 13. Bg3 a6 14. a5 Nbd7 15. 0-0 b5 16. axb6 Nxb6 17. Nxb6 Qxb6 18. Ra2 Bd7 19. Qd2 a5 20. Rfa1 Rfb8 21. Bf3 Qb4 22. Qd3 a4 23. e4 Qd4 24. Ne2 Qxd3 25. cxd3 fxe4 26. dxe4 Ng4 27. Bxg4 Bxg4 28. Nc3 a3 29. Rxa3 Rxa3 30. Rxa3 Rxb2 31. f3 Bd4+ 32. Kf1 Bd7 33. Ne2 Bb5 34. Be1 Bd7 35. Nc3 Kf7 36. Ra7 Be8 37. Ra3 g5 38. h4 Rc2 39. hxg5 hxg5 40. g4 Kf6 41. Ra2 Bb5+ 0-1

[Event "FRA-chT1A 1112"]
[Site "France"]
[Date "2011.10.16"]
[Round "1.6"]
[White "Carvallo, Henri"]
[Black "Egreteau, Eric"]
[Result "1-0"]
[WhiteElo "2160"]
[BlackElo "2100"]
[PlyCount "75"]
[EventDate "2011.10.16"]
[EventType "team-tourn"]
[EventRounds "11"]
[EventCountry "FRA"]
[SourceTitle "EXT 2013"]
[Source "ChessBase"]
[SourceDate "2012.11.22"]
[SourceVersion "1"]
[SourceVersionDate "2012.11.22"]
[SourceQuality "1"]
[WhiteTeam "Tours"]
[BlackTeam "La Membrolle Choisille"]
[WhiteTeamCountry "FRA"]
[BlackTeamCountry "FRA"]

1. d4 Nf6 2. Bf4 d6 3. Nf3 c6 4. e3 Nh5 5. Bg5 h6 6. Bh4 g5 7. Bg3 Ng7 8. Nfd2 Nf5 9. Bd3 Nxg3 10. hxg3 Bg7 11. c3 Nd7 12. Nf3 Qb6 13. Qc2 Nf6 14. Nbd2 Bd7 15. e4 c5 16. Nc4 Qc7 17. Ne3 cxd4 18. Nxd4 e6 19. Nb5 Qb8 20. 0-0-0 a6 21. Nd4 b5 22. Be2 b4 23. c4 Qb6 24. Kb1 Rc8 25. Qd3 Ke7 26. f4 gxf4 27. gxf4 Rhd8 28. g4 Ba4 29. b3 Be8 30. g5 hxg5 31. fxg5 Nd7 32. Ndf5+ Kf8 33. Nxg7 Kxg7 34. Nd5 exd5 35. exd5 f6 36. Qh3 Nf8 37. Qh6+ Kf7 38. Qxf6+ 1-0